|
|
|
|
| LEADER |
01440cam a2200313 i 4500 |
| 001 |
17875945 |
| 003 |
GR-PaULI |
| 005 |
20201228122937.0 |
| 008 |
130905s2014 enk b 001 0 eng d |
| 952 |
|
|
|0 0
|1 0
|2 ddc
|4 0
|6 457_000000000000000_DIA
|7 0
|9 245685
|a LISP
|b LISP
|c BSC
|d 2020-12-28
|i 150324
|l 0
|o 457 DIA
|p 025000277521
|r 2020-12-28 00:00:00
|t 1
|w 2020-12-28
|y BK15
|
| 999 |
|
|
|c 148344
|d 148344
|
| 010 |
|
|
|a 2013949645
|
| 020 |
|
|
|a 0198701780 (σκληρό εξώφυλλο)
|
| 040 |
|
|
|a YDXCP
|b gre
|e AACR2
|c GR-PaULI
|
| 082 |
0 |
4 |
|a 457
|2 23
|
| 245 |
0 |
0 |
|a Diachrony and dialects :
|b grammatical change in the dialects of Italy /
|c edited by Paola Beninca, Adam Ledgeway, Nigel Vincent.
|
| 260 |
|
|
|a Oxford :
|b Oxford University Press,
|c 2014.
|
| 300 |
|
|
|a xxiv, 349 σ. ;
|c 24 εκ.
|
| 490 |
1 |
|
|a
|
| 490 |
1 |
|
|a Oxford studies in diachronic and historical linguistics
|v 8.
|
| 504 |
|
|
|a Περιλαμβάνει βιβλιογραφικές παραπομπές και ευρετήριο.
|
| 650 |
|
4 |
|a Ιταλική γλώσσα
|x Διάλεκτοι.
|9 44919
|
| 650 |
|
4 |
|a Ιταλική γλώσσα
|x Σύνταξη.
|9 45162
|
| 700 |
1 |
|
|a Benincà, Paola
|e επιμελήτρια.
|9 184903
|
| 700 |
|
|
|a Ledgeway, Adam
|e επιμελητής.
|9 59296
|
| 700 |
|
|
|a Vincent, Nigel
|e επιμελητής.
|9 743
|
| 830 |
|
0 |
|a Oxford studies in diachronic and historical linguistics
|v 8.
|9 166740
|
| 942 |
|
|
|2 ddc
|c BK15
|
| 998 |
|
|
|c ΜΠΟΥΡΑΣ
|d 2020-12
|